Canción de Navidad /
Guardado en:
| Hovedforfatter: | |
|---|---|
| Andre forfattere: | |
| Format: | Audio |
| Sprog: | spansk |
| Udgivet: |
Colombia :
Audio Libros : Yoyo Libros,
2001, c2001
|
| Serier: | (Fono-Libros)
|
| Fag: | |
| Tags: |
Ingen Tags, Vær først til at tagge denne postø!
|
MARC
| LEADER | 00000nim^a2200000^a^4500 | ||
|---|---|---|---|
| 001 | 000174081 | ||
| 005 | 20250521000000.0 | ||
| 009 | 20260310101515.413 | ||
| 020 | |a 958-8161-00-2 | ||
| 037 | |a Acervo ITESO - Biblioteca | ||
| 041 | |a SON | ||
| 041 | |a ESP | ||
| 082 | |a 823. |b DIC | ||
| 100 | |a Dickens, Charles |e (autor) | ||
| 240 | 1 | 1 | |a [Cuento de Navidad] |
| 245 | 1 | 0 | |a Canción de Navidad / |c C. Dickens ; voz de L. García. |
| 264 | 4 | |a Colombia : |b Audio Libros : |b Yoyo Libros, |c 2001, c2001 | |
| 300 | |a 3 discos compactos sonoros (CDs disponibles) | ||
| 300 | |a 1 audiolibro | ||
| 336 | |a palabra hablada |b spw |2 rdacontenido | ||
| 337 | |a audio |b s |2 rdamedio | ||
| 338 | |a disco sonoro |b sd |2 rdasoporte | ||
| 440 | 1 | |a (Fono-Libros) | |
| 500 | |a Traducción de: A Christmas Carol | ||
| 545 | 0 | |a Charles Dickens (1812-1870), escritor inglés nacido en Portsmouth, Inglaterra. Fue un conocedor de la situación social de su época y de la condición humana debido al sufrimiento padecido durante su infancia. Sus obras muestran su percepción y crítica de la condición social, el perfil psicológico de los hombres que se mueven entre la amabilidad y el capricho o entre el bien y el mal, y el olvido de los buenos ideales de la burguesía por el progreso. Entre sus escritos se encuentran Los documentos póstumos del club Pickwick (1836-1837); Oliver Twist (1837-1838); Nicholas Nickleby (1838-1839); El almacén de antigüedades (1840); Barnaby Rudge (1841); Cuentos de navidad (1843-1848); Vida y aventuras de Martin Chuzzlewit (1843-1844); Dombey e Hijo (1847-1848); David Copperfield (1849-1850); Casa desolada (1852-1853); Tiempos difíciles (1854); Historia de dos ciudades (1859); La pequeña Dorritt (1857-1858); Grandes esperanzas (1860-1861) y El amigo común (1864-1865). | |
| 649 | |a XX | ||
| 650 | |a Novela Inglesa | ||
| 650 | |a Realismo en la Literatura - |z Inglaterra | ||
| 650 | |a Literatura Inglesa - |y Siglo XIX | ||
| 700 | |a García, Laura |e (voz) | ||
| 910 | |a Fondo General | ||
| 920 | |a Sonoros - CDs | ||
| 940 | |a Literatura | ||
| 905 | |a 403 | ||
| 901 | |a 0500113260 |b IT2 |c CDS |u 20250521 | ||
| 901 | |a 0500113263 |b IT2 |c CDS |u 20250521 | ||
| 901 | |a 0500112754 |b IT2 |c CDS |u 20250521 | ||
| 902 | |a https://opac.biblio.iteso.mx/vufind/Record/000174081 | ||